Analog integrated circuit design

Wedi'i Gadw mewn:
Manylion Llyfryddiaeth
Prif Awdur:  Carusone, Tony Chan
Fformat: Sách
Iaith:Undetermined
Cyhoeddwyd:  John Wiley & Sons  2013
Pynciau:
Tagiau: Ychwanegu Tag
Dim Tagiau, Byddwch y cyntaf i dagio'r cofnod hwn!
Thư viện lưu trữ: Trung tâm Thư viện - Trường Đại học Công nghiệp TP. Hồ Chí Minh
LEADER 00595nam a2200157Ia 4500
001 UIH_04327
008 231011s9999 xx 000 0 und d
082 |a  621.3815 
100 |a  Carusone, Tony Chan 
245 0 |a  Analog integrated circuit design 
245 0 |c  Carusone, Tony Chan 
260 |b  John Wiley & Sons 
260 |c  2013 
650 |a  Linear integrated circuits; Analog electronic systems; Thiết kế mạch điện tử; Electronic circuit design;  
927 |a Sách 
980 |a Trung tâm Thư viện - Trường Đại học Công nghiệp TP. Hồ Chí Minh